000 00745nam0a22002651 4500
001 RU\NLR\INFOCOMM10\ROSSICA\1000012057
005 20250613184951.0
035 _a(NLR Aleph) 009877710
090 _a10455615
_c10455615
100 _a20030724d1887 |||y0rusy50 ca
101 0 _afre
102 _aRU
105 _ay ||||000ay
200 1 _aBibliographie analytique des ouvrages de Monsieur Marie-Felicité Brosset
_e1824-1879
_fBrosset
210 _aSaint-Pétersbourg
_d1887
215 _d
600 1 _aBrosset
_bM.F.
_gMarie-Felicité
_2PSBO
700 1 _aBrosset
_4070
801 1 _aRU
_bInfoComm
_c20030724
801 0 _aRU
_bNLR
_gPSBO
852 _aNLR
_j13 Car A.10
942 _cBOOK
980 _aNB
980 _aRossica